|
|
|
|
| LEADER |
00814nab a2200205 i 4500 |
| 001 |
acta6513 |
| 005 |
20220927154559.0 |
| 008 |
161015s1984 hu o 0|| eng d |
| 022 |
|
|
|a 0324-6523
|
| 040 |
|
|
|a SZTE Egyetemi Kiadványok Repozitórium
|b hun
|
| 041 |
|
|
|a eng
|
| 100 |
1 |
|
|a Papp Ignác
|
| 245 |
1 |
0 |
|a Lenin and the socialist public administration
|h [elektronikus dokumentum] /
|c Papp Ignác
|
| 260 |
|
|
|a Szegedi Tudományegyetem Állam- és Jogtudományi Kara
|b Szeged
|c 1984
|
| 300 |
|
|
|a 243-254
|
| 490 |
0 |
|
|a Acta Universitatis Szegediensis : acta juridica et politica
|v 31 No. 1-37
|
| 650 |
|
4 |
|a Társadalomtudományok
|
| 650 |
|
4 |
|a Politikatudomány
|
| 695 |
|
|
|a Vladimir Il'ič Lenin, Államigazgatás - lenini elmélet
|
| 856 |
4 |
0 |
|u http://acta.bibl.u-szeged.hu/6513/1/juridpol_031_243-254.pdf
|z Dokumentum-elérés
|